000 00425nmm a2200157Ia 4500
008 251105s9999||||xx |||||||||||||||||und||
041 _aspa
100 _aRadclyffe
245 0 _aCódigo de honor
264 _a[Madrid, España] :
_bEditorial Egales,
_c2019
300 _a428 páginas
490 _aNarrativa
650 _aThriller & Suspense
856 _uhttps://public.digitaliapublishing.com/a/144390
942 _cCF
999 _c100244
_d100244